Maiores artilheiros de todos os tempos - Statistics

Estatísticas Gerais
  • Esse quiz foi jogado 241 vezes
  • A pontuação média é 7 de 12
Estatísticas das Respostas
Gols Jogador % Correto
862 Cristiano Ronaldo
98%
819 Messi
98%
767 Pelé
92%
772 Romário
80%
746 Ferenc Puskás
63%
643 Robert Lewandowski
57%
735 Gerd Müller
48%
573 Zlatan Ibrahimovic
44%
623 Eusébio
32%
805 Josef Bican
30%
545 Túlio Maravilha
17%
546 Ferenc Deak
1%
Nenhum quiz correspondente encontrado
Distribuição das Pontuações
Porcentagem de Pessoas com Cada Pontuação
Percentil de Números Respondidos
Sua Pontuação Histórica
Você não jogou esse quiz